Justice League Unlimited Heroes and Villains - Statistics

General Stats
  • This quiz has been taken 138 times
  • The average score is 35 of 121
Answer Stats
Justice League % Correct
Batman
100%
Superman
99%
Wonder Woman
97%
Flash
93%
Green Lantern
93%
Hawk
92%
Lex Luthor
89%
Hawkgirl
88%
Martian Manhunter
85%
Green Arrow
81%
Aquaman
76%
Hawkman
74%
Supergirl
72%
Black Canary
71%
Atom
65%
Question
63%
Huntress
61%
Dove
60%
Cheetah
58%
Vixen
56%
Zatanna
56%
Captain Atom
53%
Fire
53%
Booster Gold
50%
Gorilla Grodd
50%
Red Tornado
50%
Doctor Fate
49%
Ice
49%
Sinestro
49%
Vigilante
44%
Plastic Man
43%
Captain Marvel
42%
Stargirl
42%
Shining Knight
36%
Wildcat
36%
Steel
35%
Killer Frost
33%
Mr. Terrific
33%
Toyman
33%
Bizarro
32%
Elongated Man
32%
Atom Smasher
29%
Etrigan
29%
Giganta
29%
Orion
29%
Doctor Light
28%
Star Sapphire
26%
S.T.R.I.P.E.
26%
Copperhead
25%
Metamorpho
25%
Metallo
24%
Mirror Master
24%
Speedy
22%
Starman
22%
Heat Wave
21%
Shade
21%
Livewire
19%
Parasite
19%
Atomic Skull
18%
Creeper
18%
Tala
18%
Vibe
18%
Weather Wizard
18%
Devil Ray
17%
Sand
17%
The Key
17%
Volcana
17%
Crimson Avenger
15%
Gypsy
15%
Hourman
15%
Aztek
14%
Blue Devil
14%
B'wana Beast
14%
Doctor Mid-Nite
14%
Ray
14%
Doctor Polaris
13%
Gentleman Ghost
13%
Longshadow
13%
Rocket Red
13%
Silver Banshee
13%
Blockbuster
11%
Waverider
11%
Black Mass
10%
Bloodsport
10%
Crimson Fox
10%
Doctor Destiny
10%
Goldface
10%
Merlyn
10%
Nemesis
10%
Obsidian
10%
Rampage
10%
Sonar
10%
The Top
10%
Angle Man
8%
Commander Steel
8%
Crowbar
8%
Evil Star
8%
Johnny Thunder
8%
KGBeast
8%
Major Disaster
8%
Thunderbolt
8%
Tsukuri
8%
Doctor Cyber
7%
Doctor Spectro
7%
Dummy
7%
Electrocutioner
7%
Neutron
7%
Psycho-Pirate
7%
Queen Bee
7%
Shark
7%
The Puzzler
7%
Fastball
6%
Hellgrammite
6%
Javelin
6%
Lady Lunar
6%
Nightfall
6%
Sportsmaster
6%
Tattooed Man
6%
The Puppeteer
6%
The Thinker
6%
The Monacle
1%
No matching quizzes found
Score Distribution
Percent of People with Each Score
Percentile by Number Answered
Your Score History
You have not taken this quiz